000 00525nam a22001817a 4500
003 IT-RoPau
005 20220918181102.0
008 130325b xxu||||| |||| 00| 0 eng d
040 _cIT-RoPau
100 _aFamiglia Paolina
_9502
245 _aSan Paolo 1999
_bProvincia Italia Atti dell' XI Capitolo programmatico
250 _a1° ed
260 _aRoma
_bSSP Provincia Italia
_c1999
300 _c21 cm
500 _aIndice Gennaio, Febbraio, Giugno, Settembre, Novembre, Dicembre
520 _a
942 _2ddc
_cCR
999 _c98285
_d98285